| 000 | 00779nas a2200277 4500 | ||
|---|---|---|---|
| 001 | BR9804530 | ||
| 003 | BR-BrBNA | ||
| 005 | 20231205101102.0 | ||
| 007 | ta | ||
| 008 | 230509b bl.|||p| |||| 00| 00por d | ||
| 040 |
_aBR-BrBNA _bpor _cBiblioteca Nacional de Agricultura |
||
| 041 | _a(Pt) | ||
| 072 | _aQ04 | ||
| 100 | 1 | _aAndrade, E.H.A. | |
| 100 | 1 | _aZoghbi, M. das G.B. | |
| 100 | 1 | _aMaia, J.G.S. | |
| 245 | 1 | _aConstituintes volateis dos frutos de Licania tomentosa Benth. | |
| 650 | _aOiticica | ||
| 650 | _aFruto | ||
| 650 | _aComposicao Quimica | ||
| 650 | _aAroma | ||
| 650 | _aNordeste | ||
| 773 | 0 |
_tActa Amazonica (Brazil) _xISSN 0044-5967 _g(Mar 1998), v. 28(1) p. 55-58 _wBR9804530 |
|
| 909 |
_a202311 _bLúcia _c55 _dLúcia Elande |
||
| 942 |
_2AGRIS _n0 _cANA |
||
| 999 |
_c159638 _d159638 |
||